01114cac a22003011a 4500999001500000003000900015005001700024008004100041020001900082040004300101050001200144082002000156100003900176245004800215246003400263264004800297300004000345336002600385337002800411338002700439590001700466650006100483650006400544653002700608655001700635942002300652952013700675 c9161d9161EG-ScBUE20191202130618.0190722s2004 nyua f 000 0 eng d a9780194366182  aEG-ScBUEbengerdacEG-ScBUEdEG-ScBUE aPE1128 04a428.24bLES2221 aLesley, Tay, eauthor.10aGrammar sense 1 : bworkbook /cTay Lesley.3 aGrammar sense one :bworkbook 1aNew York :bOxford University Press,c2004. a145 pages :billustrations ;c24 cm 2rdacontentatextbtxt 2rdamediaaunmediatedbn 2rdacarrieravolumebnc amahmoud sami 7aEnglish languagevTextbooks for foreign speakers.2BUEsh 7aEnglish languagexGrammarvProblems, exercises, etc.2BUEsh bHHUUEENNcDecember2019 vReading book cBBk428.24LES2ddc 00102ddc4070aMAINbMAINc2NDd2016-04-08ePurchasel1m3o428.24 LESp000011124r2025-07-15 00:00:00s2008-11-03w2008-04-16yBB